000
00296nam a22001217a 4500
008
170918b xxu||||| |||| 00| 0 eng d
041
_a
eng
080
_a
77
100
_a
44
101
_a
ART
245
_a
CHINA THE LAND AND ITS PEOPLE EARLY PHOTOGRAPHY
_c
THOMSON.J
942
_2
udc
_c
BK
999
_c
27878
_d
27878